00791 a2200205 4500008004100000020001800041040004800059041000800107100002000115245011400135260005600249300004500305504005300350650003400403650003900437650004700476650001400523700002500537700002300562130821s2012 enka gr eng  a9781847205957 aCO-BoUCMbspacAdriana LeóndHenry Ríos00aeng1 aBhagat, Rabi S.10aManaging global organizations a cultural perspectivecRabi S. Bhagat, Harry C. Triandis, Annette S. McDevitt aLondres (Inglaterra)bEdward Elgar Publishingc2012 axvii, 343 páginas,bgráficas, tablas aIncluye referencias bibliográficas e índices 7aComportamiento organizacional 7aComunicación en administración 7aEmpresas internacionalesxAdministración 7aLiderazgo1 aMcDevitt, Annette S.1 aTriandis, Harry C.